000 02372cas a2200613 a 4500
001 11155277
003 OSt
005 20230605115816.0
008 751101c19559999ii qr p f0 a0eng
016 7 _a41551-0
_2DE-600
016 7 _a000266662
_2IsJJNL
016 7 _a010491347
_2Uk
022 0 _a0447-9408
_l0447-9408
_220
035 _a(OCoLC)ocm01773645
040 _aDLC
_beng
_cMUL
_dCOO
_dDLC
_dNST
_dCRL
_dDLC
_dOCLCQ
_dWAU
_dOCLCQ
_dOCLCA
_dOCLCF
_dDEBSZ
_dGILDS
_dOCLCA
_dOCLCQ
_dYUS
_dJ9U
_dCUY
_dUKMGB
_dAU@
_dDLC
042 _apcc
043 _aa-ii---
082 _a328.309
_bJPI
210 1 _aJ. Parliam. Inf.
222 0 _aJournal of Parliamentary Information
245 0 4 _aThe journal of parliamentary information.
260 _aNew Delhi :
_bLok Sabha Secretariat
300 _a701p
_billustrations ;
_c25-28 cm
310 _aQuarterly,
_b1970-
321 _aSemiannual,
_b1955-1962
321 _aAnnual,
_bJuly 1963-1966
321 _aSemiannual,
_b1967-1969
336 _atext
_btxt
_2rdacontent
337 _aunmediated
_bn
_2rdamedia
338 _avolume
_bnc
_2rdacarrier
362 1 _aBegan with: Vol. 1 in Apr. 1955.
440 _n4
_vlLI
555 _aVol. 8, no. 2 (1962)-v. 16 (1970). 1 v.
580 _aIssued also in Hindi: Saṃsadīya patrikā.
588 _aDescription based on: Vol. 5, no. 1 (Apr. 1959); title from cover.
588 _aLatest issue consulted: Vol. 54, no. 4 (Dec. 2008).
590 _aSERBIB/SERLOC merged record
650 0 _aParliamentary practice
_zIndia
_vPeriodicals.
650 0 _aParliamentary practice
_vPeriodicals.
650 7 _aParliamentary practice.
_2fast
_0(OCoLC)fst01053793
650 7 _aParliamentary practice
_vPeriodicals
_2nli
650 7 _aParliamentary practice
_zIndia
_vPeriodicals
_2nli
651 7 _aIndia.
_2fast
_0(OCoLC)fst01210276
655 7 _aPeriodicals.
_2fast
_0(OCoLC)fst01411641
655 7 _aPeriodicals.
_2lcgft
710 1 _aIndia.
_bParliament.
_bLok Sabha.
_bSecretariat.
775 1 _tSaṃsadīya patrikā
_x0581-4715
_w(DLC)sa 64003889
_w(OCoLC)1921208
776 0 8 _iOnline version:
_tJournal of parliamentary information
_w(OCoLC)561185771
776 0 8 _iOnline version:
_tJournal of parliamentary information
_w(DLC) 2023337879
_w(OCoLC)654906903
906 _a7
_bcbc
_cserials
_du
_encip
_f20
_gn-oclcserc
942 _2ddc
_cBK
999 _c347
_d347